Normal view
MARC view
Entry Personal Name
001 - CONTROL NUMBER
- control field: 1236735
003 - CONTROL NUMBER IDENTIFIER
- control field: OSt
005 - DATE AND TIME OF LATEST TRANSACTION
- control field: 20260430150203.0
008 - FIXED-LENGTH DATA ELEMENTS
- fixed length control field: 260430|| aca||aabn | a|a d
040 ## - CATALOGING SOURCE
- Original cataloging agency: OSt
- Transcribing agency: OSt
100 ## - HEADING--PERSONAL NAME
- Personal name: Nitish Au.; Chandra Ashish Gu
670 ## - SOURCE DATA FOUND
- Source citation: Work cat.: (OSt)1849167: Nitish Au.; Chandra Ashish Gu., Digital acquisition of customers with respect to indian tourism sector: A study of select indian tour and travel portals, 2021
